| 000 | 00422nam a2200181Ia 4500 | ||
|---|---|---|---|
| 001 | 4268 | ||
| 005 | 20260306145743.0 | ||
| 008 | 260306t2006||||xx |||||||||||||| ||spa|| | ||
| 041 | _aESP | ||
| 082 |
_a320.1 _bH411 |
||
| 100 |
_aHabermas, Jurgen _eAUT |
||
| 245 | 0 | _aMás allá del estado nacional | |
| 260 | _c2006 | ||
| 300 |
_a199 páginas : _c21 cm. |
||
| 650 | _aGEN | ||
| 654 | _aCDE | ||
| 942 |
_cLIB _dJUS _fJUS _2ddc _n |
||
| 999 |
_c4268 _d4268 |
||